000
00274nam a22000977a 4500
008
230501b |||||||| |||| 00| 0 eng d
020
_a
9780340893197
100
_a
Blyton Guid
_9
7607
245
_a
The Secret Seven (Shock for the Secret Seven)
260
_a
London
_b
Hodder Children
999
_c
12301
_d
12301